00360nam a2200145Ia 4500008004100000020001800041050001400059100001800073245002900091245002100120250001800141260001500159260003100174260000900205170918s9999 xx 000 0 und d a9780316113540 bM182 2008 aMadison, Alan a100 days and 99 nights / cby Alan Madison. aFirst edition aNew York : bLittle, Brown and Company, c2008